000 00392pab a2200157 454500
008 180718b1995 xxu||||| |||| 00| 0 eng d
100 _aMohan Das, S.R.
245 _aTrade unions and economic restructuring.
260 _c1995
300 _ap.601-06
362 _aJan-Mar
650 _aLabour unions - India
650 _aTrade unions - India
773 _aProductivity
909 _a28817
999 _c28817
_d28817